header

The bodies of women (Record no. 28871)

MARC details
000 -LEADER
fixed length control field 01456nam a2200373 a 4500
082 04 - DEWEY DECIMAL CLASSIFICATION NUMBER
Classification number 176/.082
100 1# - MAIN ENTRY--AUTHOR NAME
Personal name Diprose, Rosalyn.
245 14 - TITLE STATEMENT
Title The bodies of women
260 ## - PUBLICATION, DISTRIBUTION, ETC. (IMPRINT)
Place of publication London ;
-- New York :
Name of publisher Routledge,
Year of publication 1994.
300 ## - PHYSICAL DESCRIPTION
Number of Pages xi, 148 p.
650 #0 - SUBJECT ADDED ENTRY--TOPICAL TERM
Topical Term Feminist ethics.
Topical Term Woman (Philosophy)
Topical Term Human reproduction
Topical Term Sex differences
Topical Term Body image.
Topical Term Human body
Topical Term Feminist theory.
856 40 - ELECTRONIC LOCATION AND ACCESS
Uniform Resource Identifier http://site.ebrary.com/lib/rucke/Doc?id=10017052

No items available.

© 2026 Rongo University
Contact us: librarian | system librarian | Rongo university